Countries by Longitude Span - Statistics

General Stats
  • This quiz has been taken 21,729 times
    20,735 since last reset
  • The average score is 18 of 21
Answer Stats
Degrees Country % Correct
166.5 Russia
99%
112.0 United States
99%
88.4 Canada
98%
39.4 Brazil
97%
61.2 China
97%
41.8 Australia
96%
29.2 India
94%
20.7 United Kingdom
92%
31.5 France
91%
30.6 Mexico
91%
46.0 Indonesia
90%
40.9 Kazakhstan
89%
32.2 Mongolia
86%
20.7 Algeria
80%
19.3 Iran
78%
21.1 Saudi Arabia
76%
19.9 Argentina
75%
19.1 Turkey
74%
19.2 Japan
72%
68.0 Denmark
68%
29.9 Norway
68%
No matching quizzes found
Score Distribution
Percent of People with Each Score
Percentile by Number Answered
Your Score History
You have not taken this quiz since the last reset